000 00303 a2200133 4500
001 155438
040 _cEscola São Tomás de Aquino
100 _aPIZAIA, Cassiana
240 1 0 _aPalavras que voam
_lpor
245 1 0 _aPalavras que voam
300 _a2016
697 _a*LITERATURA INFANTO
942 _cBK
999 _c155438
_d155438